书目信息 |
| 题名: |
空间的革命
|
|
| 作者: | 登琨艳 著 | |
| 分册: | ||
| 出版信息: | 上海 华东师范大学出版社 2006.07 |
|
| 页数: | 156页 | |
| 开本: | 25cm | |
| 丛书名: | 登琨艳的心眼 | |
| 单 册: | ||
| 中图分类: | TU201-53 | |
| 科图分类: | ||
| 主题词: | 空间--kong jian--建筑设计--文集 | |
| 电子资源: | ||
| ISBN: | 7-5617-4819-1 | |
| 000 | 00988nam 2200265 450 | |
| 001 | 012006958859 | |
| 005 | 20061219144508.87 | |
| 010 | @a7-5617-4819-1@dCNY32.00 | |
| 100 | @a20061123d2006 km y0chiy0120 ea | |
| 101 | 0 | @achi |
| 102 | @aCN@b310000 | |
| 105 | @aac z 000yy | |
| 200 | 1 | @a空间的革命@Akong jian de ge ming@d= Revolution of space@e一把从苏州烧到黄浦江的烈火@f登琨艳著@Fdeng kun yan zhu@zeng |
| 210 | @a上海@c华东师范大学出版社@d2006.07 | |
| 215 | @a156页@c图, 肖像@d25cm | |
| 225 | 2 | @a登琨艳的心眼@Adeng kun yan de xin yan |
| 330 | @a本书用了几个关键词将全书分为号角、虚像、阵地、燎原、革命等内容详细的讲述了空间的革命。 | |
| 410 | 0 | @12001 @a登琨艳的心眼 |
| 510 | 1 | @aRevolution of space@zeng |
| 517 | 1 | @a一把从苏州烧到黄浦江的烈火@Ayi ba cong su zhou shao dao huang pu jiang de lie huo |
| 606 | 0 | @a空间@Akong jian@x建筑设计@j文集 |
| 690 | @aTU201-53@v4 | |
| 701 | 0 | @a登琨艳@Adeng kun yan@4著 |
| 801 | 0 | @aCN@c20061219 |
| 905 | @a10447@dTU201-53@eD253 | |
| 空间的革命= Revolution of space:一把从苏州烧到黄浦江的烈火/登琨艳著.-上海:华东师范大学出版社,2006.07 |
| 156页:图, 肖像;25cm.-(登琨艳的心眼) |
| ISBN 7-5617-4819-1:CNY32.00 |
| 本书用了几个关键词将全书分为号角、虚像、阵地、燎原、革命等内容详细的讲述了空间的革命。 |
| ● |
| 相关链接 |
|
|
|
正题名:空间的革命
索取号:TU201-53/D253
 
预约/预借
| 序号 | 登录号 | 条形码 | 馆藏地/架位号 | 状态 | 备注 |
| 1 | 228989 | 202289898 | 建筑库101/ [索取号:TU201-53/D253] | 在馆 | |
| 2 | 228990 | 202289905 | 建筑库101/101建筑库 32排4列3层/ [索取号:TU201-53/D253] | 在馆 | |
| 3 | 228991 | 202289914 | 建筑库101/101建筑库 33排1列1层/ [索取号:TU201-53/D253] | 在馆 |